MARC details
| 000 -LEADER |
| fixed length control field |
02644nam a2200505 i 4500 |
| 001 - CONTROL NUMBER |
| control field |
ssj0003284740 |
| 003 - CONTROL NUMBER IDENTIFIER |
| control field |
EG-ScBUE |
| 005 - DATE AND TIME OF LATEST TRANSACTION |
| control field |
20250511111023.0 |
| 008 - FIXED-LENGTH DATA ELEMENTS--GENERAL INFORMATION |
| fixed length control field |
240921r20232021enka f d 001 0 eng d |
| 020 ## - INTERNATIONAL STANDARD BOOK NUMBER |
| Cancelled/invalid ISBN |
9780500296387 |
| 040 ## - CATALOGING SOURCE |
| Original cataloging agency |
MiAaPQ |
| Language of cataloging |
eng |
| Description conventions |
rda |
| Transcribing agency |
MiAaPQ |
| Modifying agency |
MiAaPQ |
| -- |
WaSeSS |
| -- |
EG-ScBUE |
| 082 04 - DEWEY DECIMAL CLASSIFICATION NUMBER |
| Classification number |
610.28 |
| Edition number |
22 |
| Item number |
KAP |
| 100 1# - MAIN ENTRY--PERSONAL NAME |
| Personal name |
Kapsali, Veronika, |
| Relator term |
author. |
| 245 10 - TITLE STATEMENT |
| Title |
Biomimetics for Designers : |
| Remainder of title |
appkying nature's processes & materials in the real world / |
| Statement of responsibility, etc |
Veronika Kapsali. |
| 250 ## - EDITION STATEMENT |
| Edition statement |
Reprint edition. |
| 264 #1 - PUBLICATION, DISTRIBUTION, ETC. (IMPRINT) |
| Place of publication, distribution, etc |
London : |
| Name of publisher, distributor, etc |
Thames & Hudson Ltd, |
| Date of publication, distribution, etc |
2023. |
| 300 ## - PHYSICAL DESCRIPTION |
| Extent |
240 pages : |
| Other physical details |
color illustrations ; |
| Dimensions |
28 cm |
| 336 ## - CONTENT TYPE |
| Source |
rdacontent |
| Content type term |
text |
| Content type code |
txt |
| 337 ## - MEDIA TYPE |
| Source |
rdamedia |
| Media type term |
unmediated |
| Media type code |
n |
| 338 ## - CARRIER TYPE |
| Source |
rdacarrier |
| Carrier type term |
volume |
| Carrier type code |
nc |
| 500 ## - GENERAL NOTE |
| General note |
Includes index. |
| 500 ## - GENERAL NOTE |
| General note |
Includes glossary.<br/> |
| 506 ## - RESTRICTIONS ON ACCESS NOTE |
| Terms governing access |
Available on campus and off campus with authorized login. |
| 588 ## - SOURCE OF DESCRIPTION NOTE |
| Source of description note |
Description based on print version record. |
| 590 ## - LOCAL NOTE (RLIN) |
| Local note |
Electronic reproduction. Ann Arbor, MI : ProQuest, 2018. Available via World Wide Web. Access may be limited to ProQuest affiliated libraries. |
| 650 #7 - SUBJECT ADDED ENTRY--TOPICAL TERM |
| Topical term or geographic name as entry element |
Biomimetics. |
| Source of heading or term |
BUEsh |
| 650 #7 - SUBJECT ADDED ENTRY--TOPICAL TERM |
| Topical term or geographic name as entry element |
Design and technology. |
| Source of heading or term |
BUEsh |
| 653 ## - INDEX TERM--UNCONTROLLED |
| Arrived date list |
May2025 |
| Resource For college |
Arts and Design |
| 655 ## - INDEX TERM--GENRE/FORM |
| Form subdivision |
Reading book |
| 856 40 - ELECTRONIC LOCATION AND ACCESS |
| Host name |
SOUTHEAST |
| Uniform Resource Identifier |
<a href="https://BZ6FJ9FL8E.search.serialssolutions.com/ejp/?libHash=BZ6FJ9FL8E#/search/?searchControl=title&searchType=title_code&criteria=TC0003284740">https://BZ6FJ9FL8E.search.serialssolutions.com/ejp/?libHash=BZ6FJ9FL8E#/search/?searchControl=title&searchType=title_code&criteria=TC0003284740</a> |
| 856 40 - ELECTRONIC LOCATION AND ACCESS |
| Host name |
BLOOMINGTON |
| Uniform Resource Identifier |
<a href="https://KG6EK7CQ2B.search.serialssolutions.com/ejp/?libHash=KG6EK7CQ2B#/search/?searchControl=title&searchType=title_code&criteria=TC0003284740">https://KG6EK7CQ2B.search.serialssolutions.com/ejp/?libHash=KG6EK7CQ2B#/search/?searchControl=title&searchType=title_code&criteria=TC0003284740</a> |
| 856 40 - ELECTRONIC LOCATION AND ACCESS |
| Host name |
EAST |
| Uniform Resource Identifier |
<a href="https://MN3KU4AR6Y.search.serialssolutions.com/ejp/?libHash=MN3KU4AR6Y#/search/?searchControl=title&searchType=title_code&criteria=TC0003284740">https://MN3KU4AR6Y.search.serialssolutions.com/ejp/?libHash=MN3KU4AR6Y#/search/?searchControl=title&searchType=title_code&criteria=TC0003284740</a> |
| 856 40 - ELECTRONIC LOCATION AND ACCESS |
| Host name |
NORTHWEST |
| Uniform Resource Identifier |
<a href="https://PS6EE4GK2T.search.serialssolutions.com/ejp/?libHash=PS6EE4GK2T#/search/?searchControl=title&searchType=title_code&criteria=TC0003284740">https://PS6EE4GK2T.search.serialssolutions.com/ejp/?libHash=PS6EE4GK2T#/search/?searchControl=title&searchType=title_code&criteria=TC0003284740</a> |
| 856 40 - ELECTRONIC LOCATION AND ACCESS |
| Host name |
INDIANAPOLIS |
| Uniform Resource Identifier |
<a href="https://RX8KL6YF4X.search.serialssolutions.com/ejp/?libHash=RX8KL6YF4X#/search/?searchControl=title&searchType=title_code&criteria=TC0003284740">https://RX8KL6YF4X.search.serialssolutions.com/ejp/?libHash=RX8KL6YF4X#/search/?searchControl=title&searchType=title_code&criteria=TC0003284740</a> |
| 856 40 - ELECTRONIC LOCATION AND ACCESS |
| Host name |
SOUTH BEND |
| Uniform Resource Identifier |
<a href="https://TT5XG8QF8P.search.serialssolutions.com/ejp/?libHash=TT5XG8QF8P#/search/?searchControl=title&searchType=title_code&criteria=TC0003284740">https://TT5XG8QF8P.search.serialssolutions.com/ejp/?libHash=TT5XG8QF8P#/search/?searchControl=title&searchType=title_code&criteria=TC0003284740</a> |
| 856 40 - ELECTRONIC LOCATION AND ACCESS |
| Host name |
COLUMBUS |
| Uniform Resource Identifier |
<a href="https://RX8KL6YF4X.search.serialssolutions.com/ejp/?libHash=RX8KL6YF4X#/search/?searchControl=title&searchType=title_code&criteria=TC0003284740">https://RX8KL6YF4X.search.serialssolutions.com/ejp/?libHash=RX8KL6YF4X#/search/?searchControl=title&searchType=title_code&criteria=TC0003284740</a> |
| 942 ## - ADDED ENTRY ELEMENTS (KOHA) |
| Source of classification or shelving scheme |
Dewey Decimal Classification |
| Koha item type |
Book - Borrowing |
| 949 ## - LOCAL PROCESSING INFORMATION (OCLC) |
| h |
seasebook |
| 949 ## - LOCAL PROCESSING INFORMATION (OCLC) |
| h |
wellsebook |
| 949 ## - LOCAL PROCESSING INFORMATION (OCLC) |
| h |
eaebook |
| 949 ## - LOCAL PROCESSING INFORMATION (OCLC) |
| h |
nwstebook |
| 949 ## - LOCAL PROCESSING INFORMATION (OCLC) |
| h |
ulebook |
| 949 ## - LOCAL PROCESSING INFORMATION (OCLC) |
| h |
sbenebook |
| 949 ## - LOCAL PROCESSING INFORMATION (OCLC) |
| h |
coebook |